| Tag |
First Indicator |
Second Indicator |
Subfields |
| LEADER |
00000cam a2200000 i 4500 |
| 001 |
in00005711321 |
| 005 |
20260319160319.3 |
| 006 |
m o d |
| 007 |
cr ||||||||||| |
| 008 |
141127s2014 enk ob 001 0 eng d |
| 040 |
|
|
|a NLGGC
|b eng
|e pn
|c NLGGC
|d OCLCQ
|d LHU
|d OCLCO
|d CAUOI
|d OCLCF
|d OH1
|d UIU
|d STBDS
|d UCILW
|d YDXCP
|d OCL
|d Z5A
|d FIE
|d VGM
|d VGL
|d BUF
|d N$T
|d EBLCP
|d YDX
|d CEF
|d UEJ
|d U3W
|d AU@
|d YOU
|d OL$
|d OCLCQ
|d HS0
|d OCLCQ
|d OCLCO
|d OCLCQ
|d OCLCO
|d UIU
|d OCLCL
|d QGK
|d UKKRT
|d OCLCQ
|d CLOUD
|d OCLCQ
|d OCLCL
|d UKAHL
|
| 019 |
|
|
|a 898050986
|a 1040694641
|a 1137813298
|a 1453452358
|a 1463279487
|a 1485500681
|
| 020 |
|
|
|a 9780191751745
|q (ebook)
|
| 020 |
|
|
|a 019175174X
|q (ebook)
|
| 020 |
|
|
|a 9780191654619
|
| 020 |
|
|
|a 0191654612
|
| 020 |
|
|
|z 9780199673612
|q (print)
|
| 020 |
|
|
|z 0199673616
|
| 020 |
|
|
|a 9780191654626
|
| 020 |
|
|
|a 0191654620
|
| 020 |
|
|
|z 9780199673629 (pbk.)
|q (e-book)
|
| 035 |
|
|
|a (OCoLC)897000200
|z (OCoLC)898050986
|z (OCoLC)1040694641
|z (OCoLC)1137813298
|z (OCoLC)1453452358
|z (OCoLC)1463279487
|z (OCoLC)1485500681
|
| 050 |
|
4 |
|a K5018
|
| 072 |
|
7 |
|a LAW
|x 026000
|2 bisacsh
|
| 082 |
0 |
4 |
|a 345
|2 23
|
| 084 |
|
|
|a 86.41
|2 bcl
|
| 084 |
|
|
|a 86.04
|2 bcl
|
| 049 |
|
|
|a TXAM
|
| 245 |
0 |
0 |
|a Foundational texts in modern criminal law /
|c edited by Markus D. Dubber.
|
| 250 |
|
|
|a First edition.
|
| 260 |
|
|
|a Oxford :
|b Oxford University Press,
|c 2014.
|
| 300 |
|
|
|a 1 online resource (viii, 432 pages)
|
| 336 |
|
|
|a text
|b txt
|2 rdacontent
|
| 337 |
|
|
|a computer
|b c
|2 rdamedia
|
| 338 |
|
|
|a online resource
|b cr
|2 rdacarrier
|
| 504 |
|
|
|a Includes bibliographical references and index.
|
| 505 |
0 |
0 |
|t Introduction: Grounding criminal law : foundational texts in comparative-historical perspective /
|r Markus D Dubber --
|t Hobbes on "diffidence" and the criminal law /
|r Alice Ristroph --
|t Beccaria's On Crimes and Punishments : a mirror on the history of the foundations of modern criminal law /
|r Bernard E Harcourt --
|t Blackstone's criminal law : common-law harmonization and legislative reform /
|r Simon Stern --
|t Foundations of the legislative panopticon : Bentham's Principles of Morals and Legislation /
|r Guyora Binder --
|t Dignity, crime and punishment : a Kantian perspective /
|r Meir Dan-Cohen --
|t PJA von Feuerbach and his Textbook of the Common Penal Law /
|r Tatjana Hörnle --
|t The contraction of crime in Hegel's Rechtsphilosophie /
|r Alan Brudner --
|t Mill's On Liberty and the modern "harm to others" principle /
|r Bernard E Harcourt --
|t James Fitzjames Stephen : the punishment jurist /
|r Marc O DeGirolami --
|t Pashukanis and public protection /
|r Peter Ramsay --
|t Radbruch on the origins of criminal law : punitive interventions before sovereignty /
|r Mireille Hildebrandt --
|t The model penal code, legal process, and the alegitimacy of American penality /
|r Markus D Dubber --
|t The modest ambition of Glanville Williams /
|r Lindsay Farmer --
|t The radical orthodoxy of Hart's Punishment and Responsibility /
|r Malcolm Thorburn --
|t Criminal law as an efficiency-enhancing device : the contribution of Gary Becker /
|r Alon Harel --
|t Foucault, criminal law, and the governmentalization of the state /
|r Pat O'Malley and Mariana Valverde --
|t Nils Christie : "Conflicts as Property" /
|r Vidar Halvorsen --
|t Günther Jakobs's Feindstrafrecht : a dispassionate account /
|r Daniel Ohana --
|t Textbook of the common penal law in force in Germany /
|r Paul Johann Anselm Feuerbach --
|t Concerning the need for a right violation in the concept of a crime, having particular regard to the concept of an affront to honour /
|r Johann Michael Franz Birnbaum --
|t The origin of criminal law in the status of the unfree /
|r Gustav Radbruch --
|t On the theory of enemy criminal law /
|r Günther Jakobs
|
| 520 |
8 |
|
|a This volume presents essays in which scholars from various countries and legal systems engage critically with formative texts in criminal legal thought since Hobbes. It aims to contribute to the emergence of a transnational canon of criminal law by documenting its intellectual and disciplinary history and, at the same time, to present a snapshot of contemporary work on criminal law within that historical and comparative context.
|
| 650 |
|
0 |
|a Criminal law
|x Philosophy.
|
| 650 |
|
0 |
|a Criminal law
|x History.
|
| 650 |
|
0 |
|a Criminal law
|x Sources.
|
| 650 |
|
7 |
|a LAW
|x Criminal Law
|x General.
|2 bisacsh
|
| 650 |
|
7 |
|a Criminal law
|2 fast
|
| 650 |
|
7 |
|a Criminal law
|x Philosophy
|2 fast
|
| 655 |
|
7 |
|a Electronic books.
|2 local
|
| 655 |
|
7 |
|a History
|2 fast
|
| 655 |
|
7 |
|a Sources
|2 fast
|
| 700 |
1 |
|
|a Dubber, Markus Dirk,
|e editor.
|
| 758 |
|
|
|i has work:
|a Foundational texts in modern criminal law (Text)
|1 https://id.oclc.org/worldcat/entity/E39PCGTcF4bYRvWhPgJfcM7xH3
|4 https://id.oclc.org/worldcat/ontology/hasWork
|
| 776 |
0 |
8 |
|i Print version:
|t Foundational texts in modern criminal law.
|b First edition.
|d Oxford : Oxford University Press, 2014
|z 9780199673612
|z 0199673616
|
| 856 |
4 |
0 |
|u http://proxy.library.tamu.edu/login?url=https://academic.oup.com/book/5436
|z Connect to the full text of this electronic book
|t 0
|
| 936 |
|
|
|a BATCHLOAD
|
| 955 |
|
|
|a Oxford Scholarship Online
|
| 994 |
|
|
|a 92
|b TXA
|
| 999 |
f |
f |
|i 350508c8-5cbd-4558-88fa-6a962297209a
|s 5e440081-ff2a-4ba4-b954-a71861b0523d
|t 0
|
| 952 |
f |
f |
|a Texas A&M University
|b College Station
|c Electronic Resources
|s www_evans
|d Available Online
|t 0
|e K5018
|h Library of Congress classification
|
| 998 |
f |
f |
|a K5018
|t 0
|l Available Online
|